| 000 | 00469nam a2200169Ia 4500 | ||
|---|---|---|---|
| 999 |
_c58194 _d58194 |
||
| 003 | GCL | ||
| 005 | 20240530110039.0 | ||
| 008 | 140319s9999 xx 000 0 ara d | ||
| 040 |
_aGCL / _cGCL |
||
| 082 | 0 | 4 |
_a273.35 _bس م |
| 100 | 1 | _aستوت ،جون. و | |
| 245 | 1 | 0 |
_aالمعمودية والملء / _cجون. و. ستوت |
| 260 |
_a[S.N] : _bدار الثقافة العربية ، _c1975 |
||
| 300 | _a144 ص | ||
| 650 | 0 | 4 | _aالروح |
| 942 |
_2ddc _cBK |
||